000 00544nam a2200229Ia 4500
008 210210b2008 xxu||||| |||| 00| 0 eng d
020 _a8174463461
041 _aeng
082 _a658.4 RAOS
100 _aRAO (V S P)
245 _aStrategic management: text and cases
260 _aNew Delhi
_bExcel Books
_c2008
300 _axvi--709
650 _atext
650 _aStrategic
650 _amanagement:
650 _acases
650 _aand
690 _aStrategic Management
700 _aKRISHNA (V Hari)
906 _a063356
999 _c136031
_d136031